5HLuxD.jpg

KING HENRY VIII SENIOR AND PRIMARY SCHOOL LIBRARY OPAC

Aladdin & his magical lamp / (Record no. 2311)

000 -LEADER
fixed length control field 00856pam a2200277 a 4500
001 - CONTROL NUMBER
control field 016670033
003 - CONTROL NUMBER IDENTIFIER
control field UkOxU
005 - DATE AND TIME OF LATEST TRANSACTION
control field 20230413101340.0
008 - FIXED-LENGTH DATA ELEMENTS--GENERAL INFORMATION
fixed length control field 030430s2003 enka j 000 1 eng
015 ## - NATIONAL BIBLIOGRAPHY NUMBER
National bibliography number GBA3W9385
Source bnb
020 ## - INTERNATIONAL STANDARD BOOK NUMBER
International Standard Book Number 0746057709 (pbk.)
035 ## - SYSTEM CONTROL NUMBER
System control number (Uk)007715262
040 ## - CATALOGING SOURCE
Original cataloging agency StDuBDS
Modifying agency Uk
-- KH8
Transcribing agency UOX
042 ## - AUTHENTICATION CODE
Authentication code ukblsr
082 04 - DEWEY DECIMAL CLASSIFICATION NUMBER
Classification number 823.914 DAY
Edition number 22
100 1# - MAIN ENTRY--PERSONAL NAME
Personal name Daynes, Katie.
Relator term author
245 10 - TITLE STATEMENT
Title Aladdin & his magical lamp /
Statement of responsibility, etc. retold by Katie Daynes ; illustrated by Paddy Mounter.
246 3# - VARYING FORM OF TITLE
Title proper/short title Aladdin and his magical lamp
260 ## - PUBLICATION, DISTRIBUTION, ETC.
Place of publication, distribution, etc. London :
Name of publisher, distributor, etc. Usborne,
Date of publication, distribution, etc. 2003.
300 ## - PHYSICAL DESCRIPTION
Extent 48 p. :
Other physical details col. ill. ;
Dimensions 20 cm.
490 1# - SERIES STATEMENT
Series statement Usborne young reading. Series one
650 #0 - SUBJECT ADDED ENTRY--TOPICAL TERM
Topical term or geographic name entry element Aladdin (Tale)
Form subdivision Juvenile fiction.
700 1# - ADDED ENTRY--PERSONAL NAME
Personal name Mounter, Paddy.
Relator term Illustrator
830 #0 - SERIES ADDED ENTRY--UNIFORM TITLE
Uniform title Usborne young reading.
Number of part/section of a work Series one
942 ## - ADDED ENTRY ELEMENTS (KOHA)
Source of classification or shelving scheme
Koha item type Books - Fiction
Holdings
Withdrawn status Lost status Source of classification or shelving scheme Damaged status Not for loan Collection code Permanent Location Current Location Shelving location Date acquired Total Checkouts Full call number Barcode Date due Date last seen Date last checked out Price effective from Koha item type
          Fiction KH8 Primary School Library KH8 Primary School Library Non Fiction 2023-04-13 9 823.914 DAY KHPL000004060 2026-04-21 2026-04-13 2026-04-13 2023-04-13 Books - Fiction

Powered By KH8 IT Dept